| 000 | 01953nam a22003857a 4500 | ||
|---|---|---|---|
| 001 | 101342 | ||
| 003 | KnowledgeUnlatched | ||
| 005 | 20210303105215.0 | ||
| 006 | m o d | ||
| 007 | cr u|||||||||| | ||
| 008 | 210129p20152019ne o u00| u eng d | ||
| 037 | _5BiblioBoard | ||
| 245 | 0 | 0 |
_aMigration and Integration in Europe, Southeast Asia, and Australia _bA Comparative Perspective / _cJuliet Pietsch, Marshall Clark. |
| 020 | _a9789048519071 | ||
| 029 | 1 | _ahttps://library.biblioboard.com/ext/api/media/59011720-99b8-426a-ae82-82a548d51763/assets/thumbnail.jpg | |
| 040 |
_aScCtBLL _cScCtBLL |
||
| 506 | 0 |
_aAccess copy available to the general public. _fUnrestricted _2star |
|
| 700 | 1 |
_aPietsch, Juliet _eeditor. |
|
| 700 | 1 |
_aClark, Marshall _eeditor. |
|
| 264 | 1 | _bAmsterdam University Press, | |
| 300 | _a1 online resource (232 p.) | ||
| 490 | 1 | _aGlobal Asia | |
| 520 | _aThis volume brings together a group of scholars from a wide range of disciplines to address crucial questions of migration flows and integration in Europe, Southeast Asia, and Australia. Comparative analysis of the three regions and their differing approaches and outcomes yields important insights for each region, as well as provokes new questions and suggests future avenues of study. | ||
| 588 | 0 | _aDescription based on print version record. | |
| 590 | _aKU Select 2017: Backlist Collection | ||
| 650 | 7 |
_aSocial Science / Sociology _2bisacsh |
|
| 650 | 0 | _aSocial sciences | |
| 655 | 0 | _aElectronic books. | |
| 758 |
_iIs found in: _aKnowledge Unlatched _1https://openresearchlibrary.org/module/2774bc74-146a-484f-a7ba-ab1d6a09bbfb |
||
| 830 | 0 | _aGlobal Asia | |
| 856 | 4 | 0 |
_uhttps://openresearchlibrary.org/content/59011720-99b8-426a-ae82-82a548d51763 _zView this content on Open Research Library. _70 |
| 999 |
_c26966 _d26966 |
||